| 000 | nam a22 a 4500 | ||
|---|---|---|---|
| 999 |
_c60862 _d60862 |
||
| 003 | BLK | ||
| 005 | 20211013164031.0 | ||
| 008 | 180408b bul|||||r ||||||| ||bul|| | ||
| 010 | _aKNG00065050000 | ||
| 040 | _aBLK | ||
| 041 |
_aBUL _cBUL |
||
| 080 |
_aСтоматология. Болести на устната кухина _b616.31 _x(075.8) _z616.31(075.8) |
||
| 080 |
_aХирургия на отделни области на човешкото тяло. Специална хирургия _b617.5 _x(075.8) _z617.5(075.8) |
||
| 100 | 1 |
_aБоянов, Боян Костов _eпърви автор _9290235 |
|
| 139 |
_aБоянов, Боян Костов _bБ 74 |
||
| 245 | 1 | 0 |
_aОртопедична стоматология _bЧ. 1 - За том: Учебник за студентите от Стоматол. фак. _cБоян Костов Боянов. _nЧ. 2 _pКлинична част |
| 250 | _a2. изд. | ||
| 257 | _aBGR | ||
| 260 |
_aСофия _bМедицина и физкултура _c1968 |
||
| 300 | _c24 см | ||
| 380 | _a61 | ||
| 650 | 4 |
_aСтоматология, ортопедична _9286510 |
|
| 653 | _aортопедична стоматология | ||
| 653 | _aучебници за ВУЗ | ||
| 760 | 1 |
_aБоянов, Боян Костов _b2. изд. _d1968 _h396 с. : с ил. _n1. изд. 1953 със загл. Четени през 1950/51 г. и 1951/52 г. _tЧ. 2 Клинична част |
|
| 852 |
_aЦб 6771 _bЦб |
||
| 856 | 4 | _qpdf | |
| 856 | 4 | _qpdf | |
| 942 |
_cKNG _n0 _s1 |
||
| 944 |
_aCR _c13.06.2004 _kГеновева_Генчева |
||
| 944 |
_aED _c2021-10-13 _kК.Д. _l2021-10-13 |
||
| 999 | _d60862 | ||